000 01762cam a2200253 4500
001 ABS66857
008 030625n2003 000 0 eng u
035 _a(Sirsi) u122732
100 _aBaxter, D.
245 _aEnvironment Agency reflections on implementation of the Landfill Directive
260 _c2003
490 _aWastes Management
_vJune 2003, 43-47(3)
520 _aReports on the progress made by the Environment Agency's Landfill Directive project in implementing the Landfill Directive and addresses key industry concerns. Highlights the achievement of meeting the first directive deadline, the submission of site conditioning plans by landfill operators, and outlines Environment Agency efforts to communicate with the industry. Suggests that key industry misconceptions concern the Landfill Directive Regulatory Guidance Notes (LFD RGN) and attempts to clarify the contents of LFD RGNs 3, 6 and 16. In particular, emphasises that the notes simply give the Environment Agency's understanding of landfill legislation and do not set new policy. Identifies the Agency's priorities to ensure that sites are compliant with the Landfill (England and Wales) Regulations 2002 by 31 March 2007, explains proposed changes to waste acceptance procedures and concludes that the Agency will manage re-permitting applications through three strategic planning groups.
590 _aABS
650 _aDIRECTIVE 99/31/EC
650 _aLANDFILL OPERATORS
650 _aLANDFILL DIRECTIVE REGULATORY GUIDANCE NOTES
650 _aENVIRONMENT AGENCY
650 _aCONDITIONING PLANS
650 _aLANDFILL (ENGLAND AND WALES) REGULATIONS 2002
650 _aLANDFILL SITES
690 _aENVIRONMENTAL AND LAND CONSULTANCY-WASTE MANAGEMENT
942 _n0
999 _c72915
_d72915